000
00312nam a22001457a 4500
003
SGT
082
_a
658.15,ADH
100
_a
ADHIKARY,M
245
_a
MANAGERIAL ECONOMICS
250
_a
3RD
260
_a
NEW DELHI
_b
KHOSLA PUBLISHING HOUSE
_c
1997
300
_a
577
650
_a
MANAGEMENT
942
_2
ddc
_c
FCM
_0
1
999
_c
8923
_d
8923